Acuerdos de paz
Guardat en:
| Format: | Llibre |
|---|---|
| Idioma: | espanyol |
| Publicat: |
Ciudad de Guatemala
Universidad Rafael Landívar
1997
|
| Col·lecció: | Política
|
| Matèries: | |
| Etiquetes: |
Afegir etiqueta
Sense etiquetes, Sigues el primer a etiquetar aquest registre!
|
MARC
| LEADER | 00000nam a2200000 a 4500 | ||
|---|---|---|---|
| 001 | UCS4427 | ||
| 003 | CL-VaPUC | ||
| 008 | 970801e19970000GT |||||||||||||||||spa|d | ||
| 082 | 0 | 4 | |a 341.1 |b ACU |2 21 |
| 245 | 1 | 0 | |a Acuerdos de paz |
| 300 | |a 260 p | ||
| 942 | |c BK | ||
| 945 | |d 19970801 00:00:00 |a rleighto | ||
| 260 | |a Ciudad de Guatemala |b Universidad Rafael Landívar |c 1997 | ||
| 650 | 0 | |a Acuerdos de paz |9 390255 | |
| 650 | 0 | |a Negociaciones de paz |9 390256 | |
| 650 | 0 | |a Derechos humanos |9 223025 | |
| 583 | |a last modification |c 19970801 00:00:00 |k Rodrigo Vera | ||
| 490 | 0 | |a Política | |
| 999 | |c 261472 |d 261470 | ||
| 952 | |0 0 |1 0 |4 0 |6 341_100000000000000_ACU_1997 |7 0 |8 A |9 288927 |a BIBDER |b BIBDER |d 2019-11-19 |i 3334945 |o 341.1 ACU 1997 |p 3334945 |r 2023-01-25 |w 2019-11-19 |y BK |k DER | ||